Statystyki dla Kraje Europy bez dostępu do morza

Kliknij tutaj aby rozwiązać quiz!

Ogólne statystyki

  • Ten quiz został rozwiązany 73 razy
  • Średni wynik to 13 z 15

Statystyki odpowiedzi

HintOdpowiedź% Poprawnych
KrajCzechy
97%
KrajAustria
95%
KrajSłowacja
95%
KrajWęgry
93%
KrajAndora
92%
KrajLiechtenstein
90%
KrajSerbia
90%
KrajWatykan
89%
KrajSzwajcaria
87%
KrajLuksemburg
85%
KrajSan Marino
85%
KrajKosowo
84%
KrajBiałoruś
82%
KrajMacedonia
79%
KrajMołdawia
75%

Rozkład punktacji

Percentyl według liczby udzielonych odpowiedzi

Procent ludzi z każdym wynikiem

Twoja historia wyników

Nie rozwiązałeś tego quizu